| 000 | 00803nam a2200217 a 4500 | ||
|---|---|---|---|
| 001 | 22843 | ||
| 003 | CO-ViMGA | ||
| 008 | 141112s2004 ck r 000 u spa d | ||
| 020 | _a8428327688 | ||
| 040 |
_aCO-ViMGA _bspa _cCO-ViMGA |
||
| 082 | 0 | 4 | _a621.31 B515g |
| 100 | 1 |
_aBlanco Barragàn, Luis _932702 |
|
| 245 | 1 | 0 | _aGestiòn del desarrollo de instalaciones electrotècnicas |
| 260 |
_aEspaña : _bParaninfo |
||
| 300 | _a154p. | ||
| 505 | _aInstalaciones electronicas, Estudio de factibilidad, El factor humano, La organizacion, Adquisicion de bienes y servicios, Direccion y control de proyectos, Finalizacion y puesta en servicio | ||
| 650 | 1 | 4 | _aINSTALACIONES ELECTRICAS |
| 650 | 1 | 4 |
_aINSTALACIONES ELECTRICAS - NORMAS _932703 |
| 650 | 1 | 4 |
_aPERT (ANALISIS DE REDES) _932704 |
| 942 |
_2ddc _cBK |
||
| 999 |
_c31138 _d31138 |
||